Philosophy of Japanese management; Journal of Economics and Social Sciences; № 9
| Parent link: | Journal of Economics and Social Sciences: electronic scientific journal.— , 2012-.— 2312-2978 № 9.— 2017.— [3 p.] |
|---|---|
| Autor principal: | |
| Autor Corporativo: | |
| Outros Autores: | |
| Resumo: | Title screen There are some common principles of control which are used by different countries and which take into consideration certain national values, features of national psychology, mentality and etc. Japanese management system is recognized as the most effective one world over, and the main reason of its success is an ability to work with people. Japan is considered to be a country with its special culture and traditions. When it once was on the brink of ruin after the World War II, Japan managed to revive its economy. First of all the specificity of Japanese management conduced this. The emergence of Japan in the world market became possible through specific approach to management of production and workflow. And nowadays the Land of the Rising Sun is known as the main producer of innovative technologies. Specificity of Japanese management is based on taking into account people's psychology and their social status which helped to achieve the great success in an industry. It was adopted for improvement of traditional management methods of staff in other countries with developed economy. |
| Idioma: | inglês |
| Publicado em: |
2017
|
| Colecção: | Экономические науки |
| Assuntos: | |
| Acesso em linha: | http://earchive.tpu.ru/handle/11683/37933 |
| Formato: | MixedMaterials Recurso Electrónico Capítulo de Livro |
| KOHA link: | https://koha.lib.tpu.ru/cgi-bin/koha/opac-detail.pl?biblionumber=571359 |
MARC
| LEADER | 00000naa2a2200000 4500 | ||
|---|---|---|---|
| 001 | 571359 | ||
| 005 | 20251224134319.0 | ||
| 035 | |a (RuTPU)RU\TPU\prd\269275 | ||
| 035 | |a RU\TPU\prd\269272 | ||
| 090 | |a 571359 | ||
| 100 | |a 20170209a2017 k y0rusy50 ba | ||
| 101 | 0 | |a eng | |
| 102 | |a RU | ||
| 135 | |a drcn ---uucaa | ||
| 181 | 0 | |a i | |
| 182 | 0 | |a b | |
| 200 | 1 | |a Philosophy of Japanese management |f A. Krikunova, Yu. A. Chaika (Chayka) | |
| 203 | |a Text |c electronic | ||
| 215 | |a 1 файл (665 Кб) | ||
| 225 | 1 | |a Экономические науки | |
| 300 | |a Title screen | ||
| 320 | |a [References: 4 tit.] | ||
| 330 | |a There are some common principles of control which are used by different countries and which take into consideration certain national values, features of national psychology, mentality and etc. Japanese management system is recognized as the most effective one world over, and the main reason of its success is an ability to work with people. Japan is considered to be a country with its special culture and traditions. When it once was on the brink of ruin after the World War II, Japan managed to revive its economy. First of all the specificity of Japanese management conduced this. The emergence of Japan in the world market became possible through specific approach to management of production and workflow. And nowadays the Land of the Rising Sun is known as the main producer of innovative technologies. Specificity of Japanese management is based on taking into account people's psychology and their social status which helped to achieve the great success in an industry. It was adopted for improvement of traditional management methods of staff in other countries with developed economy. | ||
| 461 | 1 | |0 (RuTPU)RU\TPU\prd\225573 |x 2312-2978 |t Journal of Economics and Social Sciences |o electronic scientific journal |d 2012- | |
| 463 | 1 | |0 (RuTPU)RU\TPU\prd\269246 |t № 9 |v [3 p.] |d 2017 | |
| 610 | 1 | |a труды учёных ТПУ | |
| 610 | 1 | |a электронный ресурс | |
| 610 | 1 | |a management | |
| 610 | 1 | |a management systems | |
| 610 | 1 | |a interaction | |
| 610 | 1 | |a японский менеджмент | |
| 610 | 1 | |a система управления | |
| 610 | 1 | |a методы управления | |
| 610 | 1 | |a человеческие ресурсы | |
| 610 | 1 | |a взаимодействие | |
| 610 | 1 | |a сотрудники | |
| 700 | 1 | |a Krikunova |b A. |g Anastasia | |
| 701 | 1 | |a Chaika (Chayka) |b Yu. A. |c linguist |c Senior Lecturer of Tomsk Polytechnic University |f 1980- |g Yuliya Aleksandrovna |y Tomsk |3 (RuTPU)RU\TPU\pers\30979 |9 15216 | |
| 712 | 0 | 2 | |a Национальный исследовательский Томский политехнический университет (ТПУ) |b Институт социально-гуманитарных технологий (ИСГТ) |b Кафедра иностранных языков (ИЯСГТ) |3 (RuTPU)RU\TPU\col\18376 |
| 801 | 1 | |a RU |b 63413507 |c 20090623 |g PSBO | |
| 801 | 2 | |a RU |b 63413507 |c 20170413 |g PSBO | |
| 856 | 4 | |u http://earchive.tpu.ru/handle/11683/37933 | |
| 942 | |c BK | ||